| 000 | 00496nam a2200157 a 4500 | ||
|---|---|---|---|
| 001 | 000027789 | ||
| 005 | 20200930031110.0 | ||
| 008 | 110404s1982 dr ac 000 0 spa d | ||
| 040 |
_aDO-SdBNP _bspa _cBNPHU |
||
| 082 |
_axxxx _bG216F |
||
| 100 | 1 |
_aGarcía Torres, Tomas _954864 |
|
| 245 | 1 | 0 |
_aFrancisco de Asis , hermano de todos. / _cTomas García Torres. |
| 260 |
_aSanto Domingo : _bCentro Vocacional Franciscano-Capuchino, _c1982. |
||
| 300 |
_a135 p. : _bil., retr. ; _c26 p. |
||
| 049 | _aBNPD | ||
| 999 |
_c27281 _d27281 |
||